01197nam a22001337a 4500008004100000040000800041041000800049100002800057245014200085260007900227300002300306520071400329650002001043251024b |||||||| |||| 00| 0 eng d cTBS aeng aDiederen, Raouleauthor aTo servitise or not to servitiseb: when and how should an industrial manufacturer embark on the path of servitisationc/ Raoul Diederen. a[Place of publication not identified] :bPublisher not identified],c2024. a82 pages ;c21 cm. aThis book assists CEOs of industrial manufacturing companies in addressing the six most critical questions they should consider when contemplating a servitisation strategy. These questions are: (1) What are the potential weaknesses in my current strategy? (2) What is servitisation and why is it important? (3) Is servitisation the right approach for my business? (4) Is my organisation prepared for servitisation? (5) What resources are necessary to implement servitisation? (6) What are the risks and rewards associated with servitisation? It enables CEOs to make a balanced assessment of the added value and appropriateness of a servitisation strategy in the context of their company's circumstances. 0aDecision making